000 00658nam a2200205 a 4500
001 ASIN0681949961
005 20170105102849.0
008 130820s2008 xxu eng d
020 _a9781846815478
020 _a1846815479
040 _a0
082 0 4 _a623.4403
100 1 _aNorth, Will Floler - Anothny.
245 1 4 _aThe complete world encyclopedia of guns /
_cWill Floler - Anothny North - Charles Stronge & Patrick Sweeney
260 _a[S.l.] :
_bHrmrs Hsr,
_c2008.
300 _a1 v. (unpaged) ;
_c30 cm.
650 0 _aFirearms
856 4 0 _3Amazon.com
_uhttp://www.amazon.com/exec/obidos/ASIN/0681949961/chopaconline-20
942 _2ddc
_cREF
999 _c14206
_d14206